LEADER 01100nam--2200373---450- 001 990001636850203316 005 20060214114107.0 035 $a000163685 035 $aUSA01000163685 035 $a(ALEPH)000163685USA01 035 $a000163685 100 $a20040505d19751925km-y0itay0103----ba 101 $aita 102 $aIT 105 $a||||||||001yy 200 1 $a<> "Cinque canti" di un nuovo libro di M. Ludovico Ariosto$fCesare Federico Goffis 210 $aGenova$cTilgher$d1975 215 $a52 p.$d24 cm 410 0$12001 454 1$12001 461 1$1001-------$12001 600 $aAriosto,$bLudovico$xCinque canti 676 $a851.3 700 $aGOFFIS,$bCesare Federico$0152704 801 0$bsalbc$gISBD 912 $a990001636850203316 951 $aVI.3.B. 1325(V B 693)$b80044 L.M.$cV B 959 $aBK 969 $aUMA 979 $aSIAV7$b10$c20040505$lUSA01$h1621 979 $aSIAV7$b10$c20040505$lUSA01$h1633 979 $aCOPAT2$b90$c20060214$lUSA01$h1141 996 $a"Cinque canti" di un nuovo libro di M. Ludovico Ariosto$9943376 997 $aUNISA LEADER 05686nam 2200733 450 001 9910818125003321 005 20220119094812.0 010 $a1-118-84761-X 010 $a1-118-84757-1 010 $a1-118-84725-3 035 $a(CKB)2670000000530914 035 $a(EBL)1642421 035 $a(SSID)ssj0001132566 035 $a(PQKBManifestationID)11610993 035 $a(PQKBTitleCode)TC0001132566 035 $a(PQKBWorkID)11147600 035 $a(PQKB)10677155 035 $a(OCoLC)871781035 035 $a(MiAaPQ)EBC1642421 035 $a(Au-PeEL)EBL1642421 035 $a(CaPaEBR)ebr10845553 035 $a(PPN)18787462X 035 $a(EXLCZ)992670000000530914 100 $a20140324h20142014 uy 0 101 0 $aeng 135 $aurcnu|||||||| 181 $ctxt 182 $cc 183 $acr 200 04$aThe Mediterranean sea $etemporal variability and spatial patterns /$fGianluca Eusebi Borzelli [and three others], editors 210 1$aWashington, District of Columbia ;$aHoboken, New Jersey :$cAmerican Geophysical Union :$cJohn Wiley & Sons,$d2014. 210 4$dİ2014 215 $a1 online resource (217 p.) 225 1 $aGeophysical Monograph Series ;$v202 300 $aDescription based upon print version of record. 311 $a1-118-84734-2 320 $aIncludes bibliographical references and index. 327 $aThe Mediterranean Sea: Temporal Variability and Spatial Patterns, Geophysical Monograph 202; Copyright; Contents; Contributors; Preface; 1 Introduction to The Mediterranean Sea: Temporal Variability and Spatial Patterns; References; 2 Spatiotemporal Variability of the Surface Circulation in the Western Mediterranean: A Comparative Study Using Altimetry and Modeling; 2.1. Introduction; 2.2. Data and Methods; 2.2.1. Data; 2.2.2. Methods; 2.3. Results; 2.3.1. Mean Surface Circulation; 2.3.2. Eddy Kinetic Energy; 2.3.3. Surface Circulation Variability Using EOFs; 2.4. Summary and Discussion 327 $aReferences 3 Exchange Flow through the Strait of Gibraltar as Simulated by a ?-Coordinate Hydrostatic Model and a z-Coordinate Nonhydrostatic Model; 3.1. Introduction; 3.2. Models Description and Initialization; 3.2.1. POM; 3.2.2. MITgcm; 3.3. Models Validation; 3.4. Results; 3.4.1. Internal Bore Evolution; 3.4.2. Three-layer definition and properties; 3.4.3. Hydraulics; 3.4.4. Sensitivity Experiments; 3.5. Discussion and Conclusion; References; 4 Mixing in the Deep Waters of the Western Mediterranean; 4.1. Introduction; 4.2. Evolution of the Deep Waters; 4.3. Mixing Estimates 327 $a4.4. Mixing Processes 4.5. Discussion; References; 5 The 2009 Surface and Intermediate Circulation of the Tyrrhenian Sea as Assessed by an Operational Model; 5.1. Introduction; 5.2. Model Description; 5.2.1. The Numerical Model; 5.2.2. Boundary Conditions and Hindcast Procedure; 5.3. The Seasonal Variability of the Circulation During 2009; 5.3.1. The Surface Circulation; 5.3.2. The Intermediate Circulation; 5.4. Water Masses and Transports; 5.5. Summary; Appendix; References; 6 The Eastern Mediterranean Transient: Evidence for Similar Events Previously?; 6.1. Introduction 327 $a6.2. Lessons from the Actual EMT6.3. Historic T-S Signatures in Comparison with Potential Effects of EMT-Type Events; 6.4. Discussion and Conclusion; References; 7 Deep-Water Variability and Interbasin Interactions in the Eastern Mediterranean Sea; 7.1. Introduction; 7.2. Methodology; 7.3. Basinwide and Interbasin Variability; 7.4. Intrabasin Variability; 7.5. Simple Statistics; 7.6. Discussion and Conclusions; References; 8 An Internal Mechanism Driving the Alternation of the Eastern Mediterranean Dense/Deep Water Sources; 8.1. Introduction; 8.2. Datasets and Model Description 327 $a8.2.1. Data Series 8.2.2. Model Description; 8.2.3. Atmospheric Forcing; 8.2.4. River Discharge Data; 8.2.5. Boundary Conditions; 8.2.6. Model Run; 8.3. Results and Discussion; 8.3.1. Evolution of the Hydrological Characteristics; 8.3.2. Evolution of the Atmospheric Forcing; 8.3.3. Salinity Lateral Redistribution; 8.3.4. The Role of Lateral Advection; 8.3.5. Flows through Straits-Salinity and Heat; 8.4. Summary and Conclusions; References; 9 Thermohaline Variability and Mesoscale Dynamics Observed at the Deep-Ocean Observatory E2M3A in the Southern Adriatic Sea; 9.1. Introduction 327 $a9.2. Datasets and Methods 330 $aSurface, intermediate, and deep-water processes and their interaction in time and space drive the major ocean circulation of the Mediterranean Sea. All major forcing mechanisms, such as surface wind forcing, buoyancy fluxes, lateral mass exchange, and deep convection determining the global oceanic circulation are present in this body of water. Deep and intermediate water masses are formed in different areas of the ocean layers and they drive the Mediterranean thermohaline cell, which further shows important analogies with the global ocean conveyor belt. The Mediterranean Sea: Temporal Va 410 0$aGeophysical monograph series ;$v202. 606 $aChemical oceanography 606 $aBiogeochemical cycles 606 $aOcean circulation 606 $aOcean currents 607 $aMediterranean Sea 615 0$aChemical oceanography. 615 0$aBiogeochemical cycles. 615 0$aOcean circulation. 615 0$aOcean currents. 676 $a551.46/138 686 $aSCI052000$2bisacsh 702 $aBorzelli$b Gianluca Eusebi 801 0$bMiAaPQ 801 1$bMiAaPQ 801 2$bMiAaPQ 906 $aBOOK 912 $a9910818125003321 996 $aThe Mediterranean sea$92190383 997 $aUNINA